000 00797nam a2200181Ia 4500
008 151202s9999||||xx |||||||||||||| ||und||
082 _bPNVM-60002
100 _aखोले विलास.
245 _aराजेंद्र बनहट्टी यांच्या निवडक दीर्घकथा.
260 _b"प्रतिमा प्रकाशन,पुणे."
260 _c59898
300 _a320
600 _aखोले विलास.
630 _aराजेंद्र बनहट्टी यांच्या निवडक दीर्घकथा.
700 _aखोले विलास.
730 _aराजेंद्र बनहट्टी यांच्या निवडक दीर्घकथा.
942 _cBOOK
999 _c1326536
_d1326533